History Quiz

Random History or Clickable Quiz

Intellectual History Figure Match Quiz Stats

Quiz Updated Mar 31, 2018

Challenge
Share
Tweet
Embed
Score 0/36 Timer 06:00
7 Plays Today
% Correct
Plato
94.7%
Aristotle
94.2%
Socrates
93.6%
Sun Tzu
89%
Alexander Hamilton
88.1%
Confucius
87.2%
Karl Marx
87.1%
James Madison
86.3%
Cicero
86.2%
Jane Austen
85.4%
Isaac Newton
84.8%
Vladimir Bekhterev
84.3%
Dmitri Mendeleev
84.3%
Voltaire
82.3%
Mary Shelley
82.2%
Emily Brontë
81.8%
Ivan Pavlov
80.3%
Montesquieu
78%
% Correct
Vladimir Lenin
76.9%
Marie Curie
76.3%
David Hume
72%
John Jay
70.1%
Milton Friedman
68.6%
Adam Smith
68.5%
Mao Zedong
66.7%
Johannes Kepler
66.1%
Denis Diderot
65.1%
Marcus Aurelius
64.7%
Seneca the Younger
55.9%
James Watt
54.3%
Gabriela Mistral
51.7%
Toni Morrison
51.6%
Mencius
46.6%
Friedrich Hayek
46%
Christiaan Huygens
32.9%
Amartya Sen
28.6%

You're not logged in!

Compare scores with friends on all Sporcle quizzes.
Join for Free
OR
Log In

You Might Also Like...

Show Comments

Extras

Top Quizzes Today


Score Distribution

Your Account Isn't Verified!

In order to create a playlist on Sporcle, you need to verify the email address you used during registration. Go to your Sporcle Settings to finish the process.

Report this User

Report this user for behavior that violates our Community Guidelines.

Details: